Horizonte 7º: Historia y geografía, séptimo año básico

Guardat en:
Dades bibliogràfiques
Autors principals: Hanisch, Marta (Autor), Errázuriz, Ana María (Autor)
Format: Llibre
Idioma:espanyol
Publicat: Santiago Andrés Bello 1995
Edició:1a. ed
Matèries:
Etiquetes: Afegir etiqueta
Sense etiquetes, Sigues el primer a etiquetar aquest registre!

MARC

LEADER 00000cam a2200000 a 4500
001 UCP8225
003 CL-VaPUC
008 000114e19950000CL |||||||||||||||||spa|d
020 |a 9561312263 
082 0 4 |a 372.89  |b HAN  |2 21 
100 0 |a Hanisch, Marta  |e author  |9 438018 
700 0 |a Errázuriz, Ana María  |e author  |9 438019 
245 1 0 |a Horizonte 7º: Historia y geografía, séptimo año básico 
250 |a 1a. ed 
300 |a 202 p 
942 |c BK 
945 |d 20000114 00:00:00  |a crobeson 
260 |a Santiago  |b Andrés Bello  |c 1995 
650 0 |a Enseñanza de la historia   |9 307330 
650 0 |a Enseñanza de la geografía  |9 310005 
650 0 |a Libros de texto  |9 270019 
650 0 |a Educación básica   |9 224933 
583 |a last modification  |c 20180314 10:49:55  |k Rodrigo Vera 
999 |c 285159  |d 285157 
952 |0 0  |1 0  |4 0  |6 372_890000000000000_HAN_1995  |7 0  |8 A  |9 329547  |a BIBHIS  |b BIBHIS  |d 2019-11-20  |i 1390430  |o 372.89 HAN 1995  |p 1390430  |r 2025-01-20  |w 2019-11-20  |y BK  |k HIS 
952 |0 0  |1 0  |3 erb  |4 0  |6 372_890000000000000_HAN_1995  |7 0  |8 A  |9 329549  |a BIBHIS  |b BIBHIS  |i 5456290  |o 372.89 HAN 1995  |p 5456290  |r 2025-01-20  |w 2019-11-20  |y BK  |z Catalogado en:20180316  |k HIS